|
|
|
|
| LEADER |
00000nam0a2200000 4500 |
| 001 |
171193 |
| 005 |
20231101222936.0 |
| 035 |
|
|
|a (RuTPU)RU\TPU\book\185650
|
| 090 |
|
|
|a 171193
|
| 100 |
|
|
|a 20091202d1963 k y0rusy50 ca
|
| 101 |
0 |
|
|a rus
|
| 102 |
|
|
|a RU
|
| 105 |
|
|
|a a z 101zy
|
| 200 |
1 |
|
|a Действие излучений на свойства материалов
|e труды конференции, Томск, 1963 г.
|f Западно-Сибирский совет по координации и планированию научно-исследовательских работ по техническим и естественным наукам ; авт. предисл. А. А. Воробьев ; ред. коллегия: А. А. Воробьев, С. С. Гутин, А. В. Кузьмина, В. А. Соколов
|
| 210 |
|
|
|a Новосибирск
|c [Б. и.]
|d 1963
|
| 215 |
|
|
|a 164 с.
|c ил.
|
| 225 |
1 |
|
|a Межвузовский сборник трудов
|v Вып. 2
|
| 317 |
|
|
|5 63413507: КР-6187
|a Поступила в НТБ в 1987 г. в дар от вдовы ученого Е. К. Завадовской
|
| 320 |
|
|
|a Библиография в конце докладов.
|
| 330 |
|
|
|a В денном сборнике публикуются труды конференции, состоявшейся в Томском Политехническом институте, в которой приняли участие работники вузов и научно-исследовательских институтов Томска, Иркутска, Новосибирска, Москвы и других городов. Публикуемые работы посвящены действию излучений на свойства ионных диэлектриков, полупроводников, керамики и других материалов. Значительная часть работ посвящена щелочно-галоидным кристаллам, па примере которых рассматриваются физико-химические процессы, происходящие в кристаллических телах при действии на них корпускулярных и жестких электромагнитных излучений. В целом труды конференции подчинены задаче — исследованию радиационной устойчивости материалов.
|
| 606 |
1 |
|
|a Ионизирующие излучения, радиоактивные
|2 stltpush
|3 (RuTPU)RU\TPU\subj\13072
|9 39749
|
| 610 |
1 |
|
|a труды учёных ТПУ
|
| 610 |
1 |
|
|a действие на материалы
|
| 610 |
1 |
|
|a щелочно-галоидные кристаллы
|
| 610 |
1 |
|
|a радиационная устойчивость
|
| 610 |
1 |
|
|a окрашиваемость
|
| 610 |
1 |
|
|a люминесценция
|
| 610 |
1 |
|
|a химический состав
|
| 610 |
1 |
|
|a облучение
|
| 610 |
1 |
|
|a дозы
|
| 610 |
1 |
|
|a измерение
|
| 610 |
1 |
|
|a аппаратура
|
| 610 |
1 |
|
|a щелочно-галоидные соли
|
| 610 |
1 |
|
|a облученные кристаллы
|
| 610 |
1 |
|
|a структура
|
| 610 |
1 |
|
|a дефектность
|
| 610 |
1 |
|
|a тепловые свойства
|
| 610 |
1 |
|
|a рентгеновские лучи
|
| 610 |
1 |
|
|a облученные керамические материалы
|
| 610 |
1 |
|
|a гамма-облучение
|
| 610 |
1 |
|
|a ультрафиолетовые излучения
|
| 610 |
1 |
|
|a конференции
|
| 610 |
1 |
|
|a библиотека А. А. Воробьева
|
| 610 |
1 |
|
|a дары библиотеке
|
| 675 |
|
|
|a 539.16(063)
|v 4
|
| 702 |
|
1 |
|a Воробьев
|b А. А.
|c российский физик
|c ректор Томского политехнического института, профессор
|f 1909-1981
|g Александр Акимович
|2 stltpush
|3 (RuTPU)RU\TPU\pers\12805
|4 340
|4 080
|
| 702 |
|
1 |
|a Гутин
|b С. С.
|4 340
|
| 702 |
|
1 |
|a Кузьмина
|b А. В.
|4 340
|
| 702 |
|
1 |
|a Соколов
|b В. А.
|c российский физик
|c профессор Томского политехнического института
|f 1914-1979
|g Владимир Алексеевич
|2 stltpush
|3 (RuTPU)RU\TPU\pers\19867
|4 340
|
| 712 |
0 |
2 |
|a Западно-Сибирский совет по координации и планированию научно-исследовательских работ по техническим и естественным наукам
|2 stltpush
|3 (RuTPU)RU\TPU\col\15324
|9 26126
|
| 712 |
1 |
2 |
|a Действие излучений на свойства материалов
|b конференция
|e Томск
|f 1963
|
| 801 |
|
1 |
|a RU
|b 63413507
|c 20091202
|
| 801 |
|
2 |
|a RU
|b 63413507
|c 20230622
|g RCR
|
| 942 |
|
|
|c BK
|